Retórica cristiana /

Tratado teológico en el que Diego Valadés (1533-1582), fraile franciscano nacido en Tlaxcala, México, expone las normas y reglas que debe seguir el orador sagrado en su quehacer de evangelizador. Propone una serie de conocimientos útiles tomados de la Sagrada Escritura, de los Padres de la Iglesia,...

Fuld beskrivelse

Guardado en:
Bibliografiske detaljer
Hovedforfatter: Valadés, Diego, Fray (autor)
Andre forfattere: Palomera, Esteban J. (introducción) (introducción), Castro Pallares, Alfonso (advertencia) (advertencia)
Format: Bog
Sprog:spansk
Udgivet: México : Fondo de Cultura Económica, 2003, c1989
Udgivelse:2a edición
Serier:(Biblioteca Americana)
Fag:
Tags: Tilføj Tag
Ingen Tags, Vær først til at tagge denne postø!

MARC

LEADER 00000nam^a2200000^a^4500
001 000176459
005 20250521000000.0
009 20260310101640.745
020 |a 968-16-5249-5 
037 |a Acervo ITESO - Biblioteca 
041 |a ESP 
082 |a 251.  |b VAL 
100 |a Valadés, Diego,  |c Fray  |e (autor) 
245 1 0 |a Retórica cristiana /  |c D. Valadés ; introd. de E.J. Palomera ; advertencia de A. Castro Pallares ; pref. y tr. por Tarcisio Herrera Zapién. 
250 |a 2a edición 
264 4 |a México :  |b Fondo de Cultura Económica,  |c 2003, c1989 
300 |a LXV, 834 p. 
336 |a texto  |b txt  |2 rdacontenido 
337 |a sin mediación  |b n  |2 rdamedio 
338 |a volumen  |b nc  |2 rdasoporte 
440 1 |a (Biblioteca Americana) 
500 |a Traducción de: Rhetorica Christiana 
520 |a Tratado teológico en el que Diego Valadés (1533-1582), fraile franciscano nacido en Tlaxcala, México, expone las normas y reglas que debe seguir el orador sagrado en su quehacer de evangelizador. Propone una serie de conocimientos útiles tomados de la Sagrada Escritura, de los Padres de la Iglesia, de las ciencias, la filosofía y teología cristiana. Su tratado constituye, a la vez una exposición de la cultura indígena mexicana, pues gran parte de su oratoria se dirige a ellos. 
546 |a Edición bilingüe español-latín 
649 |a XX 
650 |a Predicación -  |z México -  |x Historia -  |y Virreinato, 1535-1821 
650 |a Evangelización -  |z México -  |x Historia -  |y Virreinato, 1535-1821 
650 |a Teología Doctrinal 
650 |a Iglesia Católica en México -  |x Historia -  |y Virreinato, 1535-1821 
650 |a Catolicismo -  |z México -  |x Historia 
650 |a Cristianismo -  |z México -  |x Historia 
650 |a Religión -  |z México -  |x Historia 
650 |a México -  |x Historia -  |y Virreinato, 1535-1821 
650 |a México -  |x Historia -  |y Epoca Colonial, 1517-1821 
700 |a Palomera, Esteban J.  |e (introducción) 
700 |a Castro Pallares, Alfonso  |e (advertencia) 
910 |a Fondo General 
920 |a Impresos - Libros 
930 |a Colección General 
905 |a 101 
901 |a 0500114880  |b IT1  |c ACC  |u 20250521 
902 |a https://opac.biblio.iteso.mx/vufind/Record/000176459